• 首页
  • 本馆介绍
  • 公告通知
  • 最新文献
  • 馆藏检索
  • 电子资源
  • 读者导购
  • 参考咨询
  • 我的图书馆
  • 登录
  • 详细信息显示
  • 放入我的书架
  • 预约/预借图书
  • 作者相关作品
  • 分类相关作品
  • 丛书相关作品
  • 出版社相关作品

书目信息

  • 表格格式
  • 工作单格式
  • 卡片格式
题名:
中国国家标准汇编
    
 
作者: ;中国标准出版社 编
分册: 653   GB 32091-32128
出版信息: 北京   中国标准出版社  2016.10
页数: 481页
开本: 30cm
丛书名:
单 册:
中图分类: T-652.1
科图分类:
主题词: 国家标准--中国--2015--汇编
电子资源:
ISBN: 978-7-5066-8402-6
000 00814nam0 2200217 450
001 1304
005 20180929081120.29
010    @a978-7-5066-8402-6@b精装@dCNY220.00
100    @a20180412d2016 em y0chiy50 ea
101 0  @achi
102    @aCN@b110000
105    @aa l 000yy
200 1  @a中国国家标准汇编@9zhong guo guo jia biao zhun hui bian@h653@iGB 32091-32128@e2015年制定@f中国标准出版社编
210    @a北京@c中国标准出版社@d2016.10
215    @a481页@c图@d30cm
330    @a本书收入国家标准GB 32091-32128的最新版本,内容包括:紫外线消毒技术术语、塑料保鲜盒、家用食品金属烹饪器具不粘表面性能及测试规范等。
606 0  @a国家标准@y中国@z2015@j汇编
690    @aT-652.1@v5
711 02 @a中国标准出版社@9zhong guo biao zhun chu ban she@4编
801  0 @aCN@b91MARC@c20180412
905    @aMuseLib@dT-652.1@e109
    
    中国国家标准汇编.653.GB 32091-32128:2015年制定/中国标准出版社编.-北京:中国标准出版社,2016.10
    481页:图;30cm
    
    
    ISBN 978-7-5066-8402-6(精装):CNY220.00
    本书收入国家标准GB 32091-32128的最新版本,内容包括:紫外线消毒技术术语、塑料保鲜盒、家用食品金属烹饪器具不粘表面性能及测试规范等。
●
相关链接 在E读中查询图书 在五车中查询图书 在当当中查询图书 在豆瓣中查询图书


正题名:中国国家标准汇编     索取号:T-652.1/109         预约/预借

序号 登录号 条形码 馆藏地/架位号 状态 备注
1 1122083   211220837   第二样本阅览室/ [索取号:T-652.1/109] 在馆    
2 1122084   211220846   密集书库-生命科学系/ [索取号:T-652.1/109] 在馆    
唐山师范学院图书馆 欢迎您!
大连网信软件有限公司© 版权所有